003500000a22000970004500090001700000245008500017041001400102942001300116773010600129999001700235 aASbSeriadas10aEstudios botánicos en la Guayana colombiana, 2. notas sobre sida serrata willd0 aEspañol cARTICULO1 tRevista de la Academia Colombiana de Ciencias Exactas, Fisicas y Naturales332h70q305-309d1992g18 c14131d14131